000 00311nam a22001337a 4500
008 181031b xxu||||| |||| 00| 0 eng d
020 _a9780136446002
041 _aeng
080 _a159.9
100 _a50
101 _aPSI
245 _aWomen Gender Transforming Psychology
_cYoder.J.D
942 _2udc
_cBK
999 _c51262
_d51262